000 01124nam a22002537a 4500
003 OSt
005 20251114203744.0
008 251114b |||||||| |||| 00| 0 eng d
040 _c0
082 _aDPer 361.05 J826 March 2018 v. 65 n. 2
100 _aMayorga, Nubia A.
_eauthor.
_969371
245 _aAcculturative stress, emotion regulation, and affective symtomology among latino/a college students.
_cNubia A. Mayorga, Charles Jardin, Jafar Bakhshaie, Lorra Garey, Andres G.Viana, Jodi Berger Cardoso, and Michael Zvolensky.
260 _aU.S.A ;
_bAmerican Psychological Association ,
_cMarch 2018.
300 _aVolume 65, pages 247-258 :
_billustration ;
_c28 cm.
500 _aJournal of Counseling Psychology, vol. 65, no. 2, pages 247-258, March 2018.
700 _aMayorga, Nubia A.
_eauthor.
_969371
700 _aJardin, Charles
_eauthor.
_969372
700 _aBakhshaie, Jafar
_eauthor.
_969373
700 _aGarrey, Lorra
_eauthor.
_969374
700 _aViana, Andres G.
_eauthor.
_969375
700 _aCardoso, Jodi Berger
_eauthor.
_969376
700 _aZvolensky, Michael
_eauthor.
_969377
942 _2ddc
_cPER
999 _c24200
_d24200